Coupe du monde 2018 Footballeurs - Quiz d'images - Statistiques

Statistiques générales
  • Ce quiz a été pris 4 591 fois
  • Le résultat moyen est 19 sur 24
Statistiques - réponses
Par images Réponse % Correct
Neymar
100%
Antoine Griezmann
99%
Christiano Ronaldo
99%
Lionel Messi
99%
Luka Modrić
99%
Paul Pogba
99%
Mohamed Salah
97%
Sergio Ramos
96%
Eden Hazard
93%
Manuel Neuer
93%
Romelu Lukaku
93%
Marcelo
92%
Harry Kane
91%
Luis Suarez
91%
Kevin de Bruyne
89%
Toni Kroos
88%
Sadio Mane
87%
James Rodriguez
80%
David Silva
61%
Nemanja Matić
47%
Medhi Benatia
45%
Keisuke Honda
30%
Victor Moses
23%
Igor Akinfeev
18%
Aucun quiz correspondant
Distribution des résultats
% des personnes avec chaque résultat
Percentile par nombre de réponses
Votre historique - résultats
Vous n’avez pas pris ce quiz